000 00345nam a22001337a 4500
020 _qHB.
040 _cFIZZA ISHAQ
082 _a070.509
_bSWA
100 _aSWANBERG,A.W.
_9133378
245 _aLUCE AND HIS EMPIRE /
_cW.A.SWANBERG.
260 _aNEW YORK ;
_bCHARLES SCRIBNER'S SONS,
_c1972.
300 _a529 P. ;
_c9.2X6.1IN
942 _2ddc
_cBK
999 _c616333
_d616333